Giáo trình luật dân sự Việt Nam Tập I

Sách cung cấp những nội dung chính của bộ luật dân sự năm 2015 và làm rõ nội dung cơ bản của các phần trong bộ luật. Hiện nay bộ luật dân sự năm 2015 quy định các chuẩn mực pháp lý cho cách ứng xử của các chủ thể trong giao lưu dân sự....

Полное описание

Сохранить в:
Библиографические подробности
Главный автор: Đinh Văn Thanh (Chủ biên)
Другие авторы: Nguyễn Minh Tuấn (Chủ biên), Vũ Thị Hồng Yến, Phạm Công Lạc
Формат:
Язык:Vietnamese
Опубликовано: H. Công an nhân dân 2018
Редактирование:Tái bản có sửa đổi, bổ sung
Предметы:
Метки: Добавить метку
Нет меток, Требуется 1-ая метка записи!
Thư viện lưu trữ: Thư viện Trường Đại học Nam Cần Thơ
LEADER 02150nam a22003017a 4500
001 NCT_67205
008 190821b xxu||||| |||| 00| 0 vie d
999 |c 3245  |d 3245 
020 |a 9786047231690  |c 46000 
082 0 4 |2 23rd ed.  |a 346.597  |b Th107/T.1 
100 1 |a Đinh Văn Thanh  |e Chủ biên 
245 1 0 |a Giáo trình luật dân sự Việt Nam  |n Tập I  |c Đinh Văn Thanh, Nguyễn Minh Tuấn (chủ biên) 
250 |a Tái bản có sửa đổi, bổ sung 
260 |a H.  |b Công an nhân dân  |c 2018 
300 |a 354 tr.  |c 21cm 
500 |a ĐTTS ghi: Trường Đại học Luật Hà Nội 
520 3 |a Sách cung cấp những nội dung chính của bộ luật dân sự năm 2015 và làm rõ nội dung cơ bản của các phần trong bộ luật. Hiện nay bộ luật dân sự năm 2015 quy định các chuẩn mực pháp lý cho cách ứng xử của các chủ thể trong giao lưu dân sự.  
653 |a Luật học 
700 1 |a Nguyễn Minh Tuấn  |e Chủ biên 
700 1 |a Vũ Thị Hồng Yến 
700 1 |a Phạm Công Lạc 
942 |2 ddc  |c BK 
952 |0 0  |1 0  |2 ddc  |4 0  |6 346_597000000000000_TH107_T_1  |7 0  |9 17495  |a 000001  |b 000001  |d 2019-08-21  |o 346.597 Th107/T.1  |p MD.15890  |r 2019-08-21  |v 46000.00  |w 2019-08-21  |y BK 
952 |0 0  |1 0  |2 ddc  |4 0  |6 346_597000000000000_TH107_T_1  |7 0  |9 17496  |a 000001  |b 000001  |d 2019-08-21  |l 3  |m 1  |o 346.597 Th107/T.1  |p MD.15891  |r 2021-05-18  |s 2021-05-06  |v 46000.00  |w 2019-08-21  |y BK 
952 |0 0  |1 0  |2 ddc  |4 0  |6 346_597000000000000_TH107_T_1  |7 0  |9 17497  |a 000001  |b 000001  |d 2019-08-21  |l 5  |o 346.597 Th107/T.1  |p MD.15892  |r 2020-10-05  |s 2020-10-05  |v 46000.00  |w 2019-08-21  |y BK 
952 |0 0  |1 0  |2 ddc  |4 0  |6 346_597000000000000_TH107_T_1  |7 0  |9 17498  |a 000001  |b 000001  |d 2019-08-21  |l 7  |m 3  |o 346.597 Th107/T.1  |p MD.15893  |r 2021-03-27  |s 2021-03-02  |v 46000.00  |w 2019-08-21  |y BK 
952 |0 0  |1 0  |2 ddc  |4 0  |6 346_597000000000000_TH107_T_1  |7 0  |9 18100  |a 000001  |b 000001  |d 2019-10-11  |l 2  |o 346.597 Th107/T.1  |p MD.15889  |r 2021-03-18  |s 2019-12-27  |v 46000.00  |w 2019-10-11  |y BK 
980 |a Thư viện Trường Đại học Nam Cần Thơ